000 00444nam a2200193Ia 4500
005 20250603145154.0
008 250603s9999 xx 000 0 und d
020 _a81-219-2115-5
050 _aQA 401 .D377/
100 _aDass, H. K.
245 0 _aIntroduction to engineering mathematics
250 _arev. ed.
260 _aNew Delhi
260 _bS.Chand
260 _c2002
300 _a943 p
650 _aNew Delhi
942 _cBK
999 _c41087
_d41087